000
00303nam a22001337a 4500
008
181226b xxu||||| |||| 00| 0 eng d
020
_a
9780495554691
041
_a
eng
080
_a
575
100
_a
6
101
_a
bio
245
_a
General Organic And Biochemistry
_c
Morison.A
942
_2
udc
_c
BK
999
_c
53760
_d
53760